Snění o Evropě Politický esej

Gespeichert in:
Bibliographische Detailangaben
1. Verfasser: Dienstbier, Jiří
Format: Buch
Sprache:Tschechisch
Veröffentlicht: Praha Lidové noviny 1990
Ausgabe:1. vyd.
Schriftenreihe:Knihovna Lidových novin Sv.6
Tags: Tag hinzufügen
Keine Tags, Fügen Sie das erste Tag hinzu!

MARC

LEADER 00000nam a2200000 4500
001 c035167
005 20221215120716.2
041 0 |a cze 
044 |a CZ 
245 1 0 |a Snění o Evropě  |b Politický esej  |c Jiří Dienstbier 
250 |a 1. vyd. 
264 1 |a Praha  |b Lidové noviny  |c 1990 
300 |a 154 s. 
490 1 |a Knihovna Lidových novin  |v Sv.6 
830 0 |a Knihovna Lidových novin  |v Sv.6 
100 1 |a Dienstbier, Jiří